000 00520nam a2200181Ia 4500
005 20250508153915.0
008 008 250505s9999 xx 000 0 fre d
037 _aBooks to be hide in OPAC
040 _aFEDL
_beng
_cFEDL
041 _afre
_2eng
084 _a373.44, WIS/O
_qFEDL
100 _aWissemans A
_9763634
245 0 _aCode de L' enseignement secondaire
260 _aParis, France
_bLibrarie Hachette
_c1920
300 _a667p
942 _cHB
_h373.44, WIS/O
999 _c1346284
_d1346284